000 00747nam a2200265Ia 4500
003 OSt
005 20220912145625.0
006 a|||||r|||| 00| 0
007 ta
008 220909b |||||||| |||| 00| 0 eng d
024 _a71588
037 _cTextual
040 _aCSL
_beng
_cCSL
041 _aeng
082 _aL35:C25:5p1:J9, K0
100 _aCopley A L Ed.
111 _aInformal discussion on flow properties of blood (1960 Faraday society, Oxford)
245 0 _aProceeding on flow properties of blood
260 _c1960
300 _ap.
_ccm.
650 _aHuman blood
700 _a Stainsby G Ed.
942 _hL35:C25:5p1:J9, K0
_cTEXL
_2CC
999 _c34996
_d34996